| 000 | 00954nam a22002537a 4500 | ||
|---|---|---|---|
| 005 | 20180301105255.0 | ||
| 010 | _a1617EN ENG-117140 | ||
| 020 |
_a9781138695641 _c895.00 |
||
| 035 | _aB-650196-201 | ||
| 035 | _aEN-100672 | ||
| 035 | _aB-664940 | ||
| 037 |
_aDPL _bUPPAL |
||
| 037 | _bDBAD/PUB | ||
| 082 | _a808.31 | ||
| 100 | _aShaw, Valerie | ||
| 245 |
_aThe short story : a critical introduction / _cby Valerie Shaw |
||
| 260 |
_aNew York _bRoutledge _c2016 |
||
| 270 |
_a711 third avenue _bNew York _eNY 10017 |
||
| 300 |
_aix,294p. _c24cm(pbk) |
||
| 500 | _ainculds index | ||
| 942 |
_2ddc _cEN _h808.31 _mSHA |
||
| 999 |
_c102139 _d102139 |
||